Retiro del Convenio sobre las horas de trabajo (minas de carbón), 1931; del Convenio (revisado) sobre las horas de trabajo (minas de carbón), 1935; del Convenio sobre la reducción de las horas de trabajo (obras públicas), 1936; del Convenio sobre la reducción de las horas de trabajo (industria textil), 1937, y del Convenio sobre los trabajadores migrantes, 1939 (Registro nro. 9785)
[ vista simple ]
| 000 -CABECERA | |
|---|---|
| Longitud fija campo de control | 01730nam a2200361 c 4500 |
| 001 - NÚMERO DE CONTROL | |
| Número de control | 9785 |
| 003 - IDENTIFICADOR DE NÚMERO DE CONTROL | |
| Identificador del número de control | ES-MaCES |
| 005 - FECHA Y HORA DE LA ÚLTIMA TRANSACCIÓN | |
| Fecha y hora de la última transacción | 20180131142513.0 |
| 008 - CAMPO FIJO DE DESCRIPCIÓN FIJA--INFORMACIÓN GENERAL | |
| Códigos de información de longitud fija | 991123m19992000sz d t i100 | spa d |
| 035 ## - NÚMERO DE CONTROL DEL SISTEMA | |
| Número de control del sistema | CES19990018065m |
| 040 ## - FUENTE DE CATALOGACIÓN | |
| Centro catalogador de origen | ES-MaCES |
| Lengua de catalogación | spa |
| Centro transcriptor | ES-MaCES |
| 111 2# - ENCABEZAMIENTO PRINCIPAL--NOMBRE DE REUNIÓN | |
| Nombre de congreso o jurisdicción como elemento de entrada | Conferencia Internacional del Trabajo |
| Unidad subordinada | Reunión |
| Número del congreso o número de parte o sección de la obra | 88ª |
| Fecha del congreso | 2000 |
| Sede del congreso | Ginebra |
| 9 (RLIN) | 527 |
| 245 10 - MENCIÓN DE TÍTULO | |
| Título | Retiro del Convenio sobre las horas de trabajo (minas de carbón), 1931; del Convenio (revisado) sobre las horas de trabajo (minas de carbón), 1935; del Convenio sobre la reducción de las horas de trabajo (obras públicas), 1936; del Convenio sobre la reducción de las horas de trabajo (industria textil), 1937, y del Convenio sobre los trabajadores migrantes, 1939 |
| Mención de responsabilidad, etc. | Conferencia Internacional del Trabajo, 88ª reunión, 2000 |
| 250 ## - MENCIÓN DE EDICIÓN | |
| Mención de edición | 1ª ed. |
| 260 ## - PUBLICACIÓN, DISTRIBUCIÓN, ETC (PIE DE IMPRENTA) | |
| Lugar de publicación, distribución, etc. | Ginebra |
| Nombre del editor, distribuidor, etc. | Oficina Internacional del Trabajo |
| Fecha de publicación, distribución, etc. | 1999-2000 |
| 300 ## - DESCRIPCIÓN FÍSICA | |
| Extensión | 2 vol. |
| Otras características físicas | gráf. |
| Dimensiones | 24 cm |
| 500 ## - NOTA GENERAL | |
| Nota general | En la port., además: Séptimo punto del orden del día |
| 504 ## - NOTA DE BIBLIOGRAFÍA, ETC. | |
| Nota de bibliografía, etc. | Bibliografía |
| 505 1# - NOTA DE CONTENIDO FORMATEADA | |
| Nota de contenido con formato | Informe VII (1). - 43 p. - ISBN 92-2-311523-X -- Informe VII (2). - 14 p. - ISBN 92-2-311525-6 |
| 541 ## - NOTA DE LA FUENTE INMEDIANTE DE ADQUISICIÓN | |
| Forma de adquisición | Suscripción conjunta |
| 650 #4 - ASIENTO SECUNDARIO DE MATERIA--TÉRMINO DE MATERIA | |
| Término de materia o nombre geográfico como elemento inicial | horas de trabajo |
| 9 (RLIN) | 28335 |
| 650 #4 - ASIENTO SECUNDARIO DE MATERIA--TÉRMINO DE MATERIA | |
| Término de materia o nombre geográfico como elemento inicial | ordenamiento del tiempo de trabajo |
| 9 (RLIN) | 29205 |
| 650 #4 - ASIENTO SECUNDARIO DE MATERIA--TÉRMINO DE MATERIA | |
| Término de materia o nombre geográfico como elemento inicial | flexibilidad del trabajo |
| 9 (RLIN) | 30174 |
| 650 #4 - ASIENTO SECUNDARIO DE MATERIA--TÉRMINO DE MATERIA | |
| Término de materia o nombre geográfico como elemento inicial | trabajador migrante |
| 9 (RLIN) | 28408 |
| 650 #4 - ASIENTO SECUNDARIO DE MATERIA--TÉRMINO DE MATERIA | |
| Término de materia o nombre geográfico como elemento inicial | Convenio de la OIT |
| 9 (RLIN) | 29026 |
| 650 #4 - ASIENTO SECUNDARIO DE MATERIA--TÉRMINO DE MATERIA | |
| Término de materia o nombre geográfico como elemento inicial | Recomendación de la OIT |
| 9 (RLIN) | 29034 |
| 653 10 - TÉRMINO DE INDEXACIÓN--NO CONTROLADO | |
| Término no controlado | Relaciones laborales-Empleo |
| 650 #4 - ASIENTO SECUNDARIO DE MATERIA--TÉRMINO DE MATERIA | |
| 9 (RLIN) | 29516 |
| Término de materia o nombre geográfico como elemento inicial | reducción de la duración del trabajo |
| 710 1# - ENCABEZAMIENTO SECUNDARIO--NOMBRE CORPORATIVO | |
| 9 (RLIN) | 4718 |
| Nombre de entidad o nombre de jurisdicción como elemento inicial | Organización Internacional del Trabajo |
| Término indicativo de función | ed. |
| 902 ## - CES. TIPO DE DOCUMENTO | |
| Tipodoc (006$c Sirtex) | LIB Libro |
| 942 ## - ELEMENTOS KOHA | |
| Fuente de clasificaión o esquema | Clasificación propia del CES |
| Koha [por defecto] tipo de item | Monografías |
| Parte de clasificación | 2.0. |
| Número de registro | Signatura completa | Tipo de item de Koha |
|---|---|---|
| 033231 | DPT-8102 | Monografías |
| 038073 | DPT-8101 | Monografías |
